El cuerpo y la palabra

Gespeichert in:
Bibliographische Detailangaben
1. Verfasser: Benavides, Manuel
Format: Buch
Sprache:Undetermined
Veröffentlicht: España Ambito literario 1978
Schlagworte:
Tags: Tag hinzufügen
Keine Tags, Fügen Sie den ersten Tag hinzu!

MARC

LEADER 00000nam a2200000Ia 4500
008 170316s9999 xx 000 0 und d
040 |a cru BVZT 
090 |a 862 B-10c 
100 |a Benavides, Manuel 
245 |a El cuerpo y la palabra 
260 |a España 
260 |b Ambito literario 
260 |c 1978 
300 |a 105 páginas 
650 |a LITERATURA ESPAÑOLA 
999 |c 9508  |d 9508 
942 |c 15 D  |h 862 B-10c  |2 z